000 00496nam a2200145Ia 4500
008 220216s9999 xx 000 0 und d
100 _aWenxian Xu
245 0 _aPhysiological effects of stimulation and exploitation intensities and tapping patterns on tree dryness
260 _bIRRDB TPD workshop, 26-28 July 1994 South China academy of Tropical crops Hainan,China
_c1994
700 _aShiqiao Luo
700 _aShizhong Liu
700 _aXianzhou Xiao
700 _aXiaodi Wei
942 _cJS
999 _c64996
_d64996